La bioética de la responsabilidad según Hans Jonas
Gardado en:
| Autor Principal: | |
|---|---|
| Formato: | Desconocido |
| Idioma: | Spanish |
| Publicado: |
Madrid, España:
Universidad Pontificia Comillas,
2018
|
| Series: | Cátedra de bioética
31 |
| Materias: | |
| Etiquetas: |
Engadir etiqueta
Sen Etiquetas, Sexa o primeiro en etiquetar este rexistro!
|
MARC
| LEADER | 00000 a2200000 4500 | ||
|---|---|---|---|
| 008 | 190423b ||||| |||| 00| 0 spa d | ||
| 999 | |c 30694 |d 30694 | ||
| 020 | |a 978-84-8468-758-0 | ||
| 040 | |a cru BVZT | ||
| 090 | |a 100 Q-5b | ||
| 100 | |a Quesada Rodríguez, Francisco | ||
| 245 | |a La bioética de la responsabilidad según Hans Jonas |c Francisco Quesada Rodríguez | ||
| 260 | |a Madrid, España: |b Universidad Pontificia Comillas, |c 2018 | ||
| 300 | |a 308 páginas | ||
| 490 | |a Cátedra de bioética |v 31 | ||
| 650 | 0 | |a FILOSOFÍA |9 5 | |
| 650 | 0 | |a BIOÉTICA |9 272 | |
| 650 | |a HANS JONAS | ||
| 650 | |a BARUCH DE SPINOZA | ||
| 650 | |a ORGANISMO - METABOLISMO | ||
| 650 | |a ANTECEDENTES FILOSÓFICOS | ||
| 942 | |c 15 D |h 100 Q-5b |2 z | ||



